Internet politics : states, citizens and new communication technologies

Αποθηκεύτηκε σε:
Λεπτομέρειες βιβλιογραφικής εγγραφής
Κύριος συγγραφέας: Chadwick, Andrew 1960-
Μορφή: Βιβλίο
Γλώσσα:English
Δημοσίευση: Oxford : Oxford University Press, 2006.
Θέματα:
Ετικέτες: Προσθήκη ετικέτας
Δεν υπάρχουν, Καταχωρήστε ετικέτα πρώτοι!

MARC

LEADER 00000nam a2200000 a 4500
001 1/111490
008 160823s2006####uk | ||| |||| ||eng||
020 |a 9780195177732 
040 |a GR-MyUa  |b gre  |c GR-MyUa  |e AACR2 
041 0 |a eng 
082 7 |a 320.02854678   |2 (23) 
100 1 |a Chadwick, Andrew  |d 1960- 
245 1 0 |a Internet politics :   |b states, citizens and new communication technologies/   |c Andrew Chadwick.  
260 |a Oxford :   |b Oxford University Press,   |c 2006.  
300 |a xiii, 384 σ. ;   |c 26 εκ.  
504 |a Βιβλιογραφία: σ. 328-363. Ευρετήριο.  
650 0 |a Information society. 
650 0 |a Internet in public administration. 
650 0 |a Political participation  |x Technological innovations. 
650 0 |a Information technology  |x Political aspects. 
852 |a INST  |b RHODES  |e 20160823  |h 320.02854678 CHA  |p 005400038647  |q 005400038647  |t BK  |y 0 
922 |a 4ΕΛΗ  |b 2016/06  |c ΤΑΚ/ΤΜΣ  |d BOOKPATH / ΔΡΕΣ 
970 |z 23-08-2016